|
|
|
|
| LEADER |
00000nam a2200000 4500 |
| 008 |
160707b2014 m a|||| |||| 00| | spa d |
| 020 |
|
|
|a 9786074483901
|
| 090 |
|
|
|a 02.04.02
|b 2230
|
| 100 |
1 |
|
|9 1887
|a Mendoza González, Brenda
|
| 245 |
1 |
0 |
|a Bullying: Asambleas escolares para mejorar la convivencia escolar /
|c Brenda Mendoza González
|
| 260 |
|
|
|a México :
|b El Manual Moderno,
|c 2014
|
| 300 |
|
|
|a xii, 87 páginas;
|b ilustraciones
|
| 650 |
1 |
4 |
|9 71
|a VIOLENCIA
|
| 650 |
1 |
4 |
|9 553
|a VIOLENCIA ESCOLAR
|
| 650 |
1 |
4 |
|9 691
|a CONVIVENCIA ESCOLAR
|
| 650 |
1 |
4 |
|9 1021
|a RELACIONES ENTRE DOCENTES Y ALUMNOS
|
| 942 |
|
|
|i 003941
|h 02.04.02 2230
|2 z
|c 01
|
| 999 |
|
|
|c 3273
|d 3273
|